| 000 | 00530nam a2200193Ia 4500 | ||
|---|---|---|---|
| 003 | 0100 | ||
| 008 | 130303s9999 xx 000 0 und d | ||
| 040 | _cARRUPELIB | ||
| 050 | _aHC800.D48641996 | ||
| 100 | _aYansane, Aguibou Y. (ed) | ||
| 245 | _aDevelopment Strategies in Africa | ||
| 245 | _bCurrent Economic, Socio-Political, and Institutional Trends and Issues | ||
| 260 | _aWestport, Connecticut | ||
| 260 | _bGreenwood Press | ||
| 260 | _C1996 | ||
| 300 | _a292p | ||
| 650 | _bJesuits--Religious life | ||
| 942 | 0 | 0 | _04 |
| 999 |
_c18015 _d18015 |
||